000 00300nam a2200133 i 4500
001 bg
100 1 _aSTROŻECKI, Jacek
245 0 _aMechanika gruntów /
_cJ. Strożecki.
260 _aRzeszów,
_c1984.
040 _cBPK
041 _apol
942 _cKS
008 s pl f |000 0 pol
999 _c1079
_d1079
856 _uhttp://koha.tu.koszalin.pl/cgi-bin/koha/opac-detail.pl?biblionumber=1079
_yKatalog online BPK